Normal view
MARC view
- Radio direction finders
Entry Topical Term
001 - CONTROL NUMBER
- control field: 98245
003 - CONTROL NUMBER IDENTIFIER
- control field: NUST
005 - DATE AND TIME OF LATEST TRANSACTION
- control field: 20220819114417.0
008 - FIXED-LENGTH DATA ELEMENTS
- fixed length control field: 220819|| aca||aabn | a|a d
040 ## - CATALOGING SOURCE
- Original cataloging agency: NUST
- Transcribing agency: NUST
150 ## - HEADING--TOPICAL TERM
- Topical term or geographic name entry element: Radio direction finders
670 ## - SOURCE DATA FOUND
- Source citation: Work cat.: (NUST)176095: Emerging location aware broadband wireless ad hoc networks /, c2005.
